000 00299nam a2200121Ia 4500
005 20251222144800.0
008 251222s9999||||xx |||||||||||||| ||spa||
020 _a978-603-45247-8-1
082 _a641.250.985/R53
100 _aRicketts, Mary Ann
245 0 _aPisco: Arte y tradición
942 _cLIB
999 _c19708
_d19708